[Event "SVK-chT3B2 1213"]
[Site "Slovakia"]
[Date "2012.10.28"]
[Round "1.4"]
[White "Maslonka, Marek"]
[Black "Belak, Stefan"]
[Result "0-1"]
[WhiteElo "1791"]
[BlackElo "2001"]
[PlyCount "78"]
[EventDate "2012.10.28"]
[EventType "team-tourn"]
[EventRounds "14"]
[EventCountry "SVK"]
[SourceTitle "EXT 2022"]
[Source "ChessBase"]
[SourceDate "2021.10.06"]
[SourceVersion "1"]
[SourceVersionDate "2021.10.06"]
[SourceQuality "1"]
[WhiteTeam "Handlova"]
[BlackTeam "Povazska Bystrica II"]
[WhiteTeamCountry "SVK"]
[BlackTeamCountry "SVK"]

1. e4 e6 2. Nf3 d5 3. Nc3 c5 4. d4 Nf6 5. Be3 dxe4 6. Ng5 Qa5 7. dxc5 h6 8. Nh3 Bd7 9. a3 Be7 10. b4 Qc7 11. Nb5 Bxb5 12. Bxb5+ Nc6 13. 0-0 Rd8 14. Qe2 0-0 15. c4 Nd4 16. Qb2 Ng4 17. Bf4 e5 18. Bd2 Ne2+ 19. Kh1 Nf4 20. Nxf4 exf4 21. Bc3 f3 22. g3 Bf6 23. h3 Ne5 24. Qc2 Rd3 25. Rad1 Rfd8 26. Rxd3 Rxd3 27. Rd1 Qc8 28. Kh2 Rxc3 29. Qxe4 Rxa3 30. Qd5 Ra2 31. Rd2 Ra1 32. Bd7 Qc7 33. b5 Nxd7 34. Qxd7 Qxc5 35. Qe8+ Kh7 36. Qe4+ g6 37. Qxf3 Kg7 38. Qe4 Qe5 39. Qxb7 Qe1 0-1